Normal view
MARC view
- Rajan Chandra , Mohammad Rafique Zaman
Entry Personal Name
001 - CONTROL NUMBER
- control field: 66330
003 - CONTROL NUMBER IDENTIFIER
- control field: NUST
005 - DATE AND TIME OF LATEST TRANSACTION
- control field: 20210628203555.0
008 - FIXED-LENGTH DATA ELEMENTS
- fixed length control field: 210628|| aca||aabn | a|a d
040 ## - CATALOGING SOURCE
- Original cataloging agency: NUST
- Transcribing agency: NUST
100 ## - HEADING--PERSONAL NAME
- Personal name: Rajan Chandra , Mohammad Rafique Zaman
670 ## - SOURCE DATA FOUND
- Source citation: Work cat.: (NUST): Rajan Chandra , Mohammad Rafique Zaman, Modern computer architecture, 1995
